| 000 | 00640nam a22001817a 4500 | ||
|---|---|---|---|
| 008 | 131107b xxu||||| |||| 00| 0 eng d | ||
| 020 | _a9783838337968 | ||
| 041 | 0 | _aeng | |
| 080 | _a330.322 | ||
| 100 | _aZeqiri, Nazmi | ||
| 245 | 1 | 0 |
_aThe impact of FDI in transition economies : _cNazmi Zeqiri. |
| 260 |
_aGermany : _bVerlag: Lambert Academic Publishing AG & Co. KG ; _c2010 |
||
| 300 |
_a84 f.: _bme il. ; _c22 cm. |
||
| 505 | _aReferences : f. 79 - 84 | ||
| 520 | _aExecutive Summary = [Përmbledhja ekzekutive] : f. 4 | ||
| 650 | 0 | _aZhvillimi ekonomik | |
| 942 |
_2udc _cBK |
||
| 999 |
_c242 _d242 |
||